000 00324nam a22001337a 4500
008 260305b ||||| |||| 00| 0 eng d
020 _a9789951891219
041 _aeng
080 _a2.1
100 _a20.1
101 _ainformacion
245 _aMenaxhimi i sistemeve të informacionit
_cKastriot Blakaj
942 _2udc
_cBK
999 _c60874
_d60874